Dicctionario de uso del espaňol

Enregistré dans:
Détails bibliographiques
Auteur principal: Moliner, María
Format: Livre
Langue:espagnol
Publié: Madrid GREDOS 1997
Collection:Biblioteca románica hispánica
Sujets:
Tags: Ajouter un tag
Pas de tags, Soyez le premier à ajouter un tag!

MARC

LEADER 00000nam a2200000 4500
001 c131349
005 20221124074529.7
020 |a 84-249-1344-2 
041 0 |a spa 
044 |a ES 
245 1 0 |a Dicctionario de uso del espaňol  |c María Moliner 
264 1 |a Madrid  |b GREDOS  |c 1997 
300 |a 1446 s. 
490 1 |a Biblioteca románica hispánica 
830 0 |a Biblioteca románica hispánica 
610 2 0 |a jazykoveda 
610 2 0 |a terminológia 
610 2 0 |a jazyky cudzie 
100 1 |a Moliner, María